| 000 | 00975nam a2200289Ia 4500 | ||
|---|---|---|---|
| 005 | 20220317001054.0 | ||
| 008 | 160825s9999 xx 000 0 und d | ||
| 020 | _a97884348146012 | ||
| 100 | 1 |
_aMateos, Pilar _d1942- |
|
| 245 | 1 | 3 |
_aLa bruja Mon _cPilar Mateos ; ilustraciones de Viví Escrivá |
| 250 | _a37a. edición | ||
| 300 |
_a63 páginas _bilustraciones _c19 cm |
||
| 490 |
_aEl barco de vapor _pblanca |
||
| 586 | _aPremio Lazarillo, 1982 | ||
| 650 | 1 | 4 |
_2LEMB _aCuentos infantiles españoles _ySiglo XX |
| 650 | 1 | 4 |
_2LEMB _aLiteratura infantil española _ySiglo XX |
| 650 | 1 | 4 |
_2LEMB _aBrujas en la literatura |
| 650 | 1 | 4 |
_2LEMB _aMagia en la literatura |
| 700 | 1 |
_aEscrivá Palacios, Viví _d1939- _965285 |
|
| 942 |
_2loc _cBKINF |
||
| 264 |
_aMadrid _bS. M _c2008 |
||
| 336 |
_atexto _btxt _2rdacontent |
||
| 337 |
_asin mediación _bn _2rdamedia |
||
| 338 |
_avolumen _bnc _2rdacarrier |
||
| 040 |
_aCO-BoRNBP _bspa _erda _cCO-BoRNBP |
||
| 084 | _aC MAT4 | ||
| 999 |
_c5853 _d5853 |
||